00510nam a2200181Ia 4500008004100000020001800041082000800059100002300067245003400090250000600124260003200130300001600162500002400178650001200202942000700214952009000221999001700311230524s9999 xx 000 0 und d a9788126510948 bJAC aJ.D.Jackson942117 0a"Classical Electrodynamcis, " a3 aNew DelhibJohn Wileyc2016 a"XXI,791p;" aQuantity Number: 1 aPhysics cBK 00104070aTATCLbTATCLcGENd2023-05-24l0o JACp53944r2023-05-24w2023-05-24yBK c56519d56519